Skúmanie vplyvu štatistických vlastností vstupného toku zdrojov na dimenzovanie virtuálnych ciest : č.ved.odb. 5.2.15, Dát. obhaj. 15.5.2007

Gespeichert in:
Bibliographische Detailangaben
1. Verfasser: Chromý, Erik, 1981- (Verfasst von)
Weitere Verfasser: Baroňák, Ivan, 1955- (Betreuung Doktorarbeit)
Format: Manuskript Buch
Sprache:Slowakisch
Veröffentlicht: Bratislava : STU v Bratislave FEI, 2007
Tags: Tag hinzufügen
Keine Tags, Fügen Sie das erste Tag hinzu!

MARC

LEADER 00000ntm a22000003a 4500
001 stu177471
005 20230412164809.2
008 081218s2007------------------------slo-d
040 |a STU  |b slo 
041 0 |a slo 
100 1 |a Chromý, Erik,  |d 1981-  |4 aut  |u E070  |U FEI Fakulta elektrotechniky a informatiky  |T FEI Ústav telekomunikácií  |X 3861  |U E070  |Y 818  |7 A000003861 
245 1 |a Skúmanie vplyvu štatistických vlastností vstupného toku zdrojov na dimenzovanie virtuálnych ciest :  |b č.ved.odb. 5.2.15, Dát. obhaj. 15.5.2007 
260 |a Bratislava :  |b STU v Bratislave FEI,  |c 2007 
300 |a 80 s 
700 1 |a Baroňák, Ivan,  |d 1955-  |4 ths  |u E070  |U FEI Fakulta elektrotechniky a informatiky  |T FEI Ústav telekomunikácií  |X 1925  |U E070  |Y 818  |7 A000001925 
996 |b 284ED01214  |c E*ZP-78  |l EE01  |s A  |a 24  |w stu177471_0001